[Event "Berlin Radtke Memorial op"]
[Site "Berlin"]
[Date "2023.10.26"]
[Round "5"]
[White "Soucek, Petr"]
[Black "Malek, Jan"]
[Result "0-1"]
[WhiteElo "2259"]
[BlackElo "2428"]
[PlyCount "60"]
[EventDate "2023.10.23"]
[EventType "swiss"]
[EventRounds "9"]
[EventCountry "GER"]
[SourceTitle "Mega2024 Update 01"]
[Source "Chessbase"]
[SourceDate "2023.11.12"]
[SourceVersion "1"]
[SourceVersionDate "2023.11.12"]
[SourceQuality "1"]

1. c4 e6 2. Nf3 d5 3. e3 Nf6 4. Nc3 c5 5. cxd5 exd5 6. d4 Nc6 7. Be2 cxd4 8. Nxd4 Bd6 9. 0-0 0-0 10. b3 Be5 11. Ba3 Re8 12. Nxc6 bxc6 13. Rc1 Bf5 14. Bf3 Rc8 15. Bc5 Nd7 16. Bd4 Bd6 17. Na4 Ne5 18. Nc5 Nxf3+ 19. Qxf3 Qg5 20. h3 h5 21. b4 Qg6 22. a3 Re4 23. Rfd1 Rh4 24. e4 dxe4 25. Qb3 Rxh3 26. Rc3 Rxc3 27. Qxc3 Bg4 28. Rd2 Bf3 29. g3 Qg4 30. Kh2 Qh4+ 0-1

[Event "Prague Mencik Memorial 6th"]
[Site "Prague"]
[Date "2023.09.24"]
[Round "7"]
[White "Soucek, Petr"]
[Black "Natsidis, Christoph"]
[Result "1/2-1/2"]
[WhiteElo "2150"]
[BlackElo "2328"]
[PlyCount "121"]
[EventDate "2023.09.24"]
[EventType "swiss"]
[EventRounds "9"]
[EventCountry "CZE"]
[SourceTitle "EXT 2024"]
[Source "ChessBase"]
[SourceDate "2023.10.10"]
[SourceVersion "1"]
[SourceVersionDate "2023.10.10"]
[SourceQuality "1"]

1. c4 c5 2. Nc3 Nf6 3. Nf3 Nc6 4. d4 cxd4 5. Nxd4 e6 6. e4 Bb4 7. Nxc6 bxc6 8. Bd3 e5 9. 0-0 0-0 10. Qe2 Bc5 11. Rd1 d6 12. h3 Bd4 13. Bg5 h6 14. Bh4 Be6 15. Qc2 g5 16. Bg3 Nh5 17. Ne2 Nxg3 18. Nxd4 exd4 19. fxg3 Qa5 20. c5 dxc5 21. Rdc1 Qc7 22. Kh2 c4 23. Bxc4 Bxc4 24. Qxc4 Qe5 25. Qxc6 Rad8 26. Qxh6 d3 27. Rf1 Qg7 28. Qh5 Rfe8 29. Rf5 Re5 30. Rd1 d2 31. Rf2 g4 32. Qxg4 Qxg4 33. hxg4 Rxe4 34. Rfxd2 Rxd2 35. Rxd2 Rxg4 36. Kh3 Ra4 37. b3 Ra5 38. g4 Kg7 39. a4 Ra6 40. Rd5 Rc6 41. Rb5 Rc3+ 42. g3 Kg6 43. Rb7 a5 44. Rb6+ Kg7 45. Rb5 Kg6 46. g5 Kh5 47. Rxa5 Rxb3 48. Ra7 Ra3 49. Ra5 Ra1 50. Ra7 Kxg5 51. Rxf7 Rxa4 52. Rb7 Rc4 53. Rb5+ Kg6 54. g4 Rc3+ 55. Kh4 Rc4 56. Rb6+ Kg7 57. Kh5 Rc5+ 58. g5 Rc7 59. Rg6+ Kh7 60. Ra6 Kg7 61. Rb6 1/2-1/2

[Event "Ricany op"]
[Site "Ricany"]
[Date "2023.09.02"]
[Round "9"]
[White "Soucek, Petr"]
[Black "Neuman, Petr"]
[Result "1/2-1/2"]
[WhiteElo "2268"]
[BlackElo "2370"]
[PlyCount "36"]
[EventDate "2023.08.26"]
[EventType "swiss"]
[EventRounds "9"]
[EventCountry "CZE"]
[SourceTitle "EXT 2024"]
[Source "ChessBase"]
[SourceDate "2023.10.10"]
[SourceVersion "1"]
[SourceVersionDate "2023.10.10"]
[SourceQuality "1"]

1. e4 c5 2. Nf3 Nc6 3. Bb5 g6 4. 0-0 Bg7 5. c3 Nf6 6. Re1 0-0 7. d4 d5 8. e5 Ne4 9. Bxc6 bxc6 10. Be3 Qb6 11. Qc1 c4 12. Nbd2 Nxd2 13. Nxd2 f6 14. f4 Bf5 15. b3 Qa6 16. a4 Rfb8 17. bxc4 dxc4 18. Qa3 Bf8 1/2-1/2

[Event "Ricany op"]
[Site "Ricany"]
[Date "2023.08.29"]
[Round "5"]
[White "Hejsek, Lukas"]
[Black "Soucek, Petr"]
[Result "1-0"]
[WhiteElo "2081"]
[BlackElo "2268"]
[PlyCount "113"]
[EventDate "2023.08.26"]
[EventType "swiss"]
[EventRounds "9"]
[EventCountry "CZE"]
[SourceTitle "EXT 2024"]
[Source "ChessBase"]
[SourceDate "2023.10.10"]
[SourceVersion "1"]
[SourceVersionDate "2023.10.10"]
[SourceQuality "1"]

1. d4 f5 2. Nf3 Nf6 3. c4 d6 4. g3 g6 5. Bg2 Bg7 6. 0-0 0-0 7. Nc3 Nc6 8. d5 Ne5 9. Nxe5 dxe5 10. Qb3 h6 11. a4 a6 12. a5 Kh8 13. Bd2 e4 14. Na4 g5 15. Bc3 Qe8 16. Nc5 e5 17. dxe6 Qc6 18. Nd7 Nxd7 19. exd7 Bxd7 20. Rfd1 Rad8 21. Qb4 Bxc3 22. Qxc3+ Kg8 23. b3 Qe6 24. Qe3 Qe5 25. f4 Qf6 26. Ra2 Bc6 27. Rad2 Kf7 28. b4 Ba4 29. fxg5 hxg5 30. Rxd8 Rxd8 31. Rxd8 Qxd8 32. g4 Bc6 33. gxf5 Qe7 34. b5 axb5 35. cxb5 Bd5 36. Qd4 c6 37. a6 bxa6 38. bxa6 Qa3 39. Bxe4 Bxe4 40. Qxe4 Qxa6 41. Qe6+ Kf8 42. Kg2 Qa4 43. Qf6+ Ke8 44. Qxg5 c5 45. Qg8+ Ke7 46. Qe6+ Kf8 47. f6 Qa8+ 48. Kf2 Qa7 49. Qe7+ Qxe7 50. fxe7+ Kxe7 51. Ke3 Kd6 52. Kd3 Kd5 53. Kc3 Ke4 54. Kc4 Ke3 55. Kxc5 Kxe2 56. h4 Kf3 57. h5 1-0

[Event "Ceske Budejovice IM"]
[Site "Ceske Budejovice"]
[Date "2023.07.06"]
[Round "6"]
[White "Soucek, Petr"]
[Black "Gschiel, Alexander"]
[Result "1-0"]
[WhiteElo "2324"]
[BlackElo "2280"]
[PlyCount "67"]
[EventDate "2023.07.01"]
[EventType "tourn"]
[EventRounds "9"]
[EventCountry "CZE"]
[EventCategory "2"]
[SourceTitle "CBM 215 Extra"]
[Source "ChessBase"]
[SourceDate "2023.09.30"]
[SourceVersion "1"]
[SourceVersionDate "2023.09.30"]
[SourceQuality "1"]

1. c4 e6 2. Nc3 d5 3. e3 Nf6 4. Nf3 Be7 5. b3 0-0 6. Bb2 b6 7. cxd5 exd5 8. d4 Bb7 9. Bd3 Nbd7 10. 0-0 Ne4 11. Qc2 f5 12. Rfd1 c6 13. Ne2 Bd6 14. Ne5 Qc7 15. f4 Ndf6 16. Ng3 g6 17. Nxe4 Nxe4 18. Rac1 Rac8 19. Bxe4 fxe4 20. Qe2 Bxe5 21. dxe5 Qe7 22. a4 a5 23. Kh1 h6 24. Rf1 Qe6 25. g4 Kh7 26. f5 gxf5 27. gxf5 Qe7 28. e6 Rg8 29. Rg1 Rxg1+ 30. Rxg1 Rg8 31. Rxg8 Kxg8 32. Qh5 c5 33. Qg6+ Kf8 34. Bf6 1-0

[Event "CZE-chT2A 2223"]
[Site "Czech Republic"]
[Date "2023.03.26"]
[Round "11.1"]
[White "Petrova, Kristyna"]
[Black "Soucek, Petr"]
[Result "1/2-1/2"]
[WhiteElo "2213"]
[BlackElo "2201"]
[PlyCount "35"]
[EventDate "2022.10.16"]
[EventType "team-tourn"]
[EventRounds "11"]
[EventCountry "CZE"]
[SourceTitle "EXT 2024"]
[Source "ChessBase"]
[SourceDate "2023.10.10"]
[SourceVersion "1"]
[SourceVersionDate "2023.10.10"]
[SourceQuality "1"]
[WhiteTeam "Line II"]
[BlackTeam "Unichess"]
[WhiteTeamCountry "CZE"]
[BlackTeamCountry "CZE"]

1. e4 d6 2. d4 Nf6 3. Nc3 g6 4. f4 Bg7 5. Nf3 0-0 6. Bd3 Nc6 7. 0-0 Bg4 8. Be3 e5 9. fxe5 dxe5 10. d5 Nd4 11. Be2 Nxe2+ 12. Qxe2 Nh5 13. Qd2 Qe7 14. Kh1 f5 15. Bg5 Qc5 16. Be3 Qe7 17. Bg5 Qc5 18. Be3 1/2-1/2

[Event "Plzen IM 11th"]
[Site "Plzen"]
[Date "2023.03.09"]
[Round "7"]
[White "Bogdanov, Artyom"]
[Black "Soucek, Petr"]
[Result "1/2-1/2"]
[WhiteElo "2180"]
[BlackElo "2201"]
[PlyCount "120"]
[EventDate "2023.03.04"]
[EventType "tourn"]
[EventRounds "9"]
[EventCountry "CZE"]
[EventCategory "1"]
[SourceTitle "CBM 213 Extra"]
[Source "ChessBase"]
[SourceDate "2023.05.31"]
[SourceVersion "1"]
[SourceVersionDate "2023.05.31"]
[SourceQuality "1"]

1. e4 c5 2. Nf3 d6 3. Bb5+ Nd7 4. d4 cxd4 5. Qxd4 a6 6. Bxd7+ Bxd7 7. c4 b5 8. cxb5 e5 9. Qd1 axb5 10. Nc3 h6 11. 0-0 Nf6 12. Nd5 Ra4 13. Be3 Nxd5 14. Qxd5 Qa8 15. Qxa8+ Rxa8 16. Rfd1 Be7 17. Nd2 0-0 18. f3 Rfc8 19. Rdc1 Be6 20. a3 d5 21. exd5 Bxd5 22. Nf1 f5 23. Rxc8+ Rxc8 24. Rc1 Rxc1 25. Bxc1 Kf7 26. Kf2 Ke6 27. Ne3 Bb3 28. Ke2 Bc5 29. Bd2 h5 30. Bc3 g5 31. h3 f4 32. Nf1 Bc4+ 33. Ke1 Kf5 34. Nd2 Bd3 35. Nb3 Be3 36. Nd2 e4 37. Nxe4 Bxe4 38. fxe4+ Kxe4 39. Ke2 Bc5 40. Bg7 g4 41. hxg4 hxg4 42. Bf6 f3+ 43. gxf3+ gxf3+ 44. Kf1 Kd3 45. Bg7 Kc2 46. Be5 Kb3 47. Bf6 Be3 48. Be5 Bc1 49. Kf2 Bxb2 50. Bc7 Kxa3 51. Kxf3 Ka2 52. Ba5 Kb3 53. Ke2 Bc3 54. Bc7 Ka2 55. Kd3 Bb4 56. Kc2 Bc5 57. Ba5 Ka3 58. Kb1 Kb3 59. Be1 Bb4 60. Bg3 Bc3 1/2-1/2

[Event "Plzen IM 11th"]
[Site "Plzen"]
[Date "2023.03.08"]
[Round "6"]
[White "Soucek, Petr"]
[Black "Flajsman, Pavel"]
[Result "1-0"]
[WhiteElo "2201"]
[BlackElo "2249"]
[PlyCount "73"]
[EventDate "2023.03.04"]
[EventType "tourn"]
[EventRounds "9"]
[EventCountry "CZE"]
[EventCategory "1"]
[SourceTitle "CBM 213 Extra"]
[Source "ChessBase"]
[SourceDate "2023.05.31"]
[SourceVersion "1"]
[SourceVersionDate "2023.05.31"]
[SourceQuality "1"]

1. c4 e6 2. Nf3 Nf6 3. Nc3 Bb4 4. Qc2 0-0 5. e3 b6 6. a3 Bxc3 7. Qxc3 d6 8. Be2 Bb7 9. b3 Ne4 10. Qc2 Qf6 11. Bb2 Qg6 12. Rg1 Nd7 13. d3 Nec5 14. 0-0-0 a5 15. g4 f6 16. h4 b5 17. h5 Qe8 18. cxb5 Bd5 19. Nd2 a4 20. b4 Nb3+ 21. Kb1 Ra7 22. e4 Nxd2+ 23. Qxd2 Bb3 24. Rc1 e5 25. f4 Bf7 26. d4 exd4 27. Qxd4 Nb6 28. f5 Qe5 29. g5 Re8 30. Bd3 Qxd4 31. Bxd4 Bxh5 32. gxf6 g6 33. Rc6 Rb7 34. Rgc1 Bf3 35. Rxc7 Rxc7 36. Rxc7 Na8 37. Bc4+ 1-0

[Event "Plzen IM 11th"]
[Site "Plzen"]
[Date "2023.03.07"]
[Round "4"]
[White "Neuman, Petr"]
[Black "Soucek, Petr"]
[Result "1-0"]
[WhiteElo "2389"]
[BlackElo "2201"]
[PlyCount "115"]
[EventDate "2023.03.04"]
[EventType "tourn"]
[EventRounds "9"]
[EventCountry "CZE"]
[EventCategory "1"]
[SourceTitle "CBM 213 Extra"]
[Source "ChessBase"]
[SourceDate "2023.05.31"]
[SourceVersion "1"]
[SourceVersionDate "2023.05.31"]
[SourceQuality "1"]

1. Nf3 Nf6 2. c4 c5 3. g3 g6 4. Bg2 Bg7 5. 0-0 0-0 6. d4 cxd4 7. Nxd4 d5 8. cxd5 Nxd5 9. Qd2 Nc6 10. Nxc6 bxc6 11. e4 Nb6 12. Qc2 Qd4 13. Nc3 Be6 14. Bf4 Rfd8 15. Rac1 Rac8 16. Rfe1 Qb4 17. b3 Qxc3 18. Qxc3 Bxc3 19. Rxc3 c5 20. Rec1 c4 21. bxc4 Rxc4 22. Rxc4 Nxc4 23. f3 Nb6 24. Rc7 Rd7 25. Rxd7 Nxd7 26. a3 Nb6 27. Be3 Kf8 28. Bc5 Bc4 29. Kf2 Ke8 30. e5 Bd5 31. Ke3 f6 32. exf6 exf6 33. Bf1 Kd7 34. f4 Ke6 35. Kd4 Bc6 36. Bh3+ f5 37. Bf1 Kf6 38. h4 Ke6 39. Be2 Kf6 40. Bd1 Bd7 41. Bd6 Be6 42. Bb8 Nc4 43. a4 Nb2 44. Bc2 a6 45. Kc3 Nc4 46. Bd3 Nb6 47. Kb4 Bc8 48. Be5+ Ke7 49. Ka5 Nd7 50. Bxa6 Bxa6 51. Kxa6 Nxe5 52. fxe5 h5 53. Kb5 g5 54. Kc4 f4 55. Kd3 fxg3 56. Ke3 gxh4 57. Kf3 Ke6 58. a5 1-0

[Event "Plzen IM 11th"]
[Site "Plzen"]
[Date "2023.03.07"]
[Round "5"]
[White "Soucek, Petr"]
[Black "Vojta, Jakub"]
[Result "1/2-1/2"]
[WhiteElo "2201"]
[BlackElo "2277"]
[PlyCount "53"]
[EventDate "2023.03.04"]
[EventType "tourn"]
[EventRounds "9"]
[EventCountry "CZE"]
[EventCategory "1"]
[SourceTitle "CBM 213 Extra"]
[Source "ChessBase"]
[SourceDate "2023.05.31"]
[SourceVersion "1"]
[SourceVersionDate "2023.05.31"]
[SourceQuality "1"]

1. e4 c5 2. Nf3 Nc6 3. d4 cxd4 4. Nxd4 Nf6 5. Nc3 e5 6. Nf5 d5 7. exd5 Bxf5 8. dxc6 Qxd1+ 9. Nxd1 bxc6 10. Ne3 Bg6 11. Nc4 Bxc2 12. Nxe5 Bd6 13. Nc4 Bc7 14. Be2 0-0-0 15. Be3 Nd5 16. Bxa7 Nf4 17. Bf3 Rhe8+ 18. Be3 Bd3 19. b3 Nd5 20. 0-0-0 Bxc4 21. bxc4 Nxe3 22. fxe3 Rxd1+ 23. Rxd1 Rxe3 24. Bxc6 Bxh2 25. Kc2 Re2+ 26. Rd2 Rxd2+ 27. Kxd2 1/2-1/2

[Event "CZE-chT1W 2223"]
[Site "Czech Republic"]
[Date "2023.01.15"]
[Round "6.2"]
[White "Soucek, Petr"]
[Black "Oresky, Jan"]
[Result "1/2-1/2"]
[WhiteElo "2250"]
[BlackElo "2254"]
[PlyCount "112"]
[EventDate "2022.10.09"]
[EventType "team-tourn"]
[EventRounds "11"]
[EventCountry "CZE"]
[SourceTitle "CBM 213 Extra"]
[Source "ChessBase"]
[SourceDate "2023.05.31"]
[SourceVersion "1"]
[SourceVersionDate "2023.05.31"]
[SourceQuality "1"]
[WhiteTeam "Unichess Sousek"]
[BlackTeam "Praha Oaza II"]
[WhiteTeamCountry "CZE"]
[BlackTeamCountry "CZE"]

1. c4 e5 2. Nc3 Bb4 3. Qc2 Nf6 4. Nf3 Qe7 5. a3 Bxc3 6. Qxc3 d6 7. e3 e4 8. Nd4 0-0 9. h3 c5 10. Ne2 Nc6 11. Nf4 Ne5 12. b3 Bd7 13. Bb2 Bc6 14. h4 a6 15. b4 b6 16. Be2 Rfc8 17. Rc1 cxb4 18. Qxb4 Nfd7 19. Bd4 Rab8 20. Qc3 Nc5 21. Rb1 Ba8 22. 0-0 Ncd7 23. h5 h6 24. Rfc1 Qg5 25. Qb4 Nc5 26. Bxe5 Qxe5 27. Qb2 Qxb2 28. Rxb2 Bc6 29. Rcb1 Na4 30. Rb3 Rc7 31. f3 Rcb7 32. fxe4 Nc5 33. R3b2 Bxe4 34. d3 Bc6 35. Bf3 Bxf3 36. gxf3 b5 37. cxb5 Rxb5 38. Rxb5 axb5 39. d4 Ne6 40. Nd5 Ra8 41. Rb3 Ra5 42. f4 g6 43. hxg6 fxg6 44. Rc3 Kf7 45. Rc6 b4 46. Nxb4 Rxa3 47. Nd5 Ng7 48. Rxd6 Nf5 49. Rf6+ Kg7 50. Re6 Kf7 51. Re5 h5 52. Kf2 Ra2+ 53. Kf3 Ra3 54. Kf2 Ra2+ 55. Kf3 Ra3 56. Kf2 Ra2+ 1/2-1/2

[Event "CZE-ch"]
[Site "Usti nad Labem"]
[Date "2022.05.17"]
[Round "4"]
[White "Soucek, Petr"]
[Black "Hrbek, Stepan"]
[Result "0-1"]
[WhiteElo "2177"]
[BlackElo "2303"]
[PlyCount "94"]
[EventDate "2022.05.14"]
[EventType "swiss"]
[EventRounds "9"]
[EventCountry "CZE"]
[SourceTitle "CBM 208 Extra"]
[Source "ChessBase"]
[SourceDate "2022.07.31"]
[SourceVersion "1"]
[SourceVersionDate "2022.07.31"]
[SourceQuality "1"]

1. d4 Nf6 2. Nc3 d5 3. Bf4 g6 4. e3 Bg7 5. Nf3 0-0 6. Be2 c5 7. Ne5 cxd4 8. exd4 Nc6 9. Qd2 Nd7 10. Nxd5 Ndb8 11. Bf3 e6 12. Nc3 Qxd4 13. Qxd4 Nxd4 14. 0-0-0 Nxf3 15. Nxf3 Bxc3 16. bxc3 f6 17. Bd6 Re8 18. Nd2 e5 19. Ne4 Kg7 20. Rhe1 Nc6 21. Kb1 b6 22. Ba3 Be6 23. f4 Rad8 24. Nd6 Rf8 25. fxe5 Nxe5 26. Rd4 Rd7 27. Red1 Rfd8 28. Nb7 Rxd4 29. cxd4 Rd7 30. Nd6 Nc4 31. Nxc4 Bxc4 32. c3 f5 33. Re1 f4 34. Re5 Bf1 35. Bc1 Rf7 36. d5 Bxg2 37. d6 f3 38. Be3 f2 39. Bxf2 Rxf2 40. Re7+ Kh6 41. Rxa7 Rd2 42. d7 Bc6 43. Ra6 Bxd7 44. Rxb6 Bf5+ 45. Kc1 Rxa2 46. h4 Rc2+ 47. Kd1 Rxc3 0-1

[Event "Titled Tuesday intern op 10th May Early"]
[Site "Chess.com INT"]
[Date "2022.05.10"]
[Round "2"]
[White "Aslanov, Umid Fuad"]
[Black "Soucek, Petr"]
[Result "1-0"]
[WhiteElo "2281"]
[BlackElo "2177"]
[PlyCount "101"]
[EventDate "2022.05.10"]
[EventType "swiss (blitz)"]
[EventRounds "11"]
[EventCountry "USA"]
[SourceTitle "CBM 208 Extra"]
[Source "ChessBase"]
[SourceDate "2022.07.31"]
[SourceVersion "1"]
[SourceVersionDate "2022.07.31"]
[SourceQuality "1"]

1. e4 c5 2. Nc3 Nc6 3. f4 e6 4. Bb5 Nge7 5. Nf3 a6 6. Bxc6 Nxc6 7. 0-0 b5 8. d3 Be7 9. Qe1 Bb7 10. Qg3 g6 11. f5 Qb6 12. Be3 0-0-0 13. a4 b4 14. a5 Qc7 15. Bf4 d6 16. Na4 e5 17. Nb6+ Kb8 18. Bg5 Bxg5 19. Nxg5 h6 20. Nd5 Qd7 21. Nxf7 Qxf7 22. fxg6 Qe8 23. Rf7 Nd4 24. Qf2 Bxd5 25. exd5 Rg8 26. c3 Nb3 27. Rf1 Rxg6 28. cxb4 Qb5 29. Rf8 Rg8 30. Rxg8 Rxg8 31. Qf7 Rc8 32. Qe6 Rd8 33. Rf7 Nd4 34. Qe7 Ne2+ 35. Kf2 Rd7 36. Qxd7 Qxd7 37. Rxd7 Nf4 38. Rxd6 Nxd3+ 39. Ke3 Nxb4 40. Rb6+ Kc7 41. Rxb4 cxb4 42. Ke4 Kd6 43. g4 b3 44. h4 Kc5 45. Kxe5 Kb5 46. d6 Kxa5 47. d7 Kb4 48. d8Q a5 49. Qb6+ Ka4 50. Qc5 h5 51. Qc4# 1-0

[Event "Titled Tuesday intern op 03rd May Early"]
[Site "Chess.com INT"]
[Date "2022.05.03"]
[Round "4"]
[White "Agasarov, Benik"]
[Black "Soucek, Petr"]
[Result "1-0"]
[WhiteElo "2249"]
[BlackElo "2177"]
[PlyCount "35"]
[EventDate "2022.05.03"]
[EventType "swiss (blitz)"]
[EventRounds "11"]
[EventCountry "USA"]
[SourceTitle "CBM 208 Extra"]
[Source "ChessBase"]
[SourceDate "2022.07.31"]
[SourceVersion "1"]
[SourceVersionDate "2022.07.31"]
[SourceQuality "1"]

1. e4 c5 2. Nc3 a6 3. g3 b5 4. Bg2 Bb7 5. Nge2 e6 6. 0-0 Nf6 7. e5 Bxg2 8. Kxg2 Nd5 9. Nxd5 exd5 10. d4 c4 11. f4 d6 12. f5 dxe5 13. dxe5 Nc6 14. e6 Bc5 15. exf7+ Kxf7 16. Nf4 d4 17. Qh5+ Kg8 18. f6 1-0

[Event "Titled Tuesday intern op 03rd May Early"]
[Site "Chess.com INT"]
[Date "2022.05.03"]
[Round "3"]
[White "Soucek, Petr"]
[Black "Saravana, Krishnan P"]
[Result "0-1"]
[WhiteElo "2177"]
[BlackElo "2269"]
[PlyCount "90"]
[EventDate "2022.05.03"]
[EventType "swiss (blitz)"]
[EventRounds "11"]
[EventCountry "USA"]
[SourceTitle "CBM 208 Extra"]
[Source "ChessBase"]
[SourceDate "2022.07.31"]
[SourceVersion "1"]
[SourceVersionDate "2022.07.31"]
[SourceQuality "1"]

1. e4 c6 2. d4 d5 3. e5 c5 4. dxc5 Nc6 5. f4 Nh6 6. Be3 Ng4 7. Bd4 h5 8. c3 e6 9. b4 Ne7 10. Nd2 Nf5 11. Bd3 Qh4+ 12. g3 Nxg3 13. Ndf3 Nxh1+ 14. Nxh4 Nxh2 15. Bb5+ Kd8 16. c6 Be7 17. Nhf3 Ng4 18. cxb7 Bxb7 19. Qa4 a6 20. Qa5+ Kc8 21. Bf1 Ng3 22. Bd3 Ne4 23. Bxe4 dxe4 24. Ng5 Rf8 25. Ne2 h4 26. Bc5 Bd8 27. Qa4 Rg8 28. 0-0-0 Nxe5 29. fxe5 Bxg5+ 30. Kb2 Rd8 31. Rxd8+ Bxd8 32. Qd1 a5 33. a3 axb4 34. axb4 Bd5 35. Nd4 h3 36. Kb1 h2 37. Nb5 e3 38. Nd6+ Kd7 39. Ne4 h1Q 40. Qxh1 e2 41. Nd2 Bxh1 42. Nc4 e1Q+ 43. Kc2 Be4+ 44. Kb3 Qd1+ 45. Kb2 Qb1# 0-1